| 000 | 01353cam a22003737a 4500 | ||
|---|---|---|---|
| 003 | CHAP | ||
| 005 | 20220817044423.0 | ||
| 008 | 110209s1981 mx r 00010 spa d | ||
| 010 | _a100465 | ||
| 011 | _a101437 | ||
| 020 | _a9682301475 | ||
| 035 | _a112125 | ||
| 040 | _cCHAP | ||
| 082 | 0 | 0 |
_a338.1 _bK3Y 1981 |
| 100 | 0 | 0 |
_aKautsky, Karl. _962829 |
| 245 | 1 | 3 |
_aLa cuestión agraria : _banálisis de las tendencias de la agricultura moderna y de la política agraria de la socialdemocracia _c/por Karl Kautsky |
| 250 | _a4 ed. | ||
| 260 |
_aMéxico : _bSiglo XXI, _c1981 |
||
| 300 | _a540 p. | ||
| 490 | 0 |
_aBiblioteca del pensamiento socialista. _pSerie ensayos críticos |
|
| 590 |
_aBATCH-UPD _b10 _c20130110 _lUCH01 _h0906 |
||
| 590 |
_aBATCH-UPD _b10 _c20130410 _lUCH01 _h0533 |
||
| 590 |
_aBATCH-UPD _b10 _c20130914 _lUCH01 _h0053 |
||
| 590 |
_aBATCH-UPD _b10 _c20130914 _lUCH01 _h1707 |
||
| 590 |
_aCONVERSION _b10 _c20130109 _lUCH01 _h1355 |
||
| 650 | 1 | 4 |
_aAgricultura y socialismo. _92077 |
| 650 | 1 | 4 |
_aAgricultura _xAspectos económicos. |
| 650 | 1 | 4 |
_aAgricultura _xIndustrialización. _91560 |
| 650 | 1 | 4 |
_aTierras _xTenencia. _9113130 |
| 830 | 0 |
_aBiblioteca del pensamiento socialista. _pSerie ensayos críticos |
|
| 901 | _aBK | ||
| 942 | _cLIBRO | ||
| 949 |
_a338.1 K3y 1981 _bBC _cLIBRO _d33724002232751 _eLIBRO _gDonaciØn _h114177 _i112125 _si |
||
| 999 |
_c100465 _d100465 |
||